000 00712nam a2200241 a 4500
008
049 _aMAIN
090 _aTA645
_bVAZ
100 _aVazirani, V. N.
245 _aAnalysis of structures :
_banalysis, design and details of structures.
_nVol. 1 /
_cV. N. Vazirani, M.M. Ratwani.
250 _a14th ed.
260 _aDelhi :
_bKhanna,
_c1991.
500 _aIncludes bibliographical references.
500 _aIncludes index.
650 _aBuildings.
650 _aArchitecture - details.
700 _aRatwani, M.M.
907 _a.b1010429x
_b16-02-12
_c16-12-03
003
005 20230120203826.0
040 _cNUST
942 _cBOOKS
_kTA645
_mVAZ
999 _c112163
_d112163